000
00282nam a2200121 a 4500
001
4140
005
20140414131904.0
008
090218s19uu xx 00 eng d
050
_a
FIC
_b
P26 1992
100
_a
Mueller, Kate
245
_a
Passport, Bk. 6 :
_b
manhunt.
999
_c
110831
_d
110831